Zmeny pre znalcov, tlmočníkov a prekladateľov

Schválená novela zákona č. 382/2004 Z. z. o znalcoch, tlmočníkoch a prekladateľoch. Cieľ novely. Zmeny, ktoré novela priniesla.

Gespeichert in:
Bibliographische Detailangaben
1. Verfasser: Trizuliak, Tibor
Format: Buchkapitel
Sprache:Slowakisch
Schlagworte:
Tags: Tag hinzufügen
Keine Tags, Fügen Sie das erste Tag hinzu!

MARC

LEADER 00000naa a2200000 4500
001 0241897
005 20180411095023.3
041 0 |a slo 
044 |a SK 
245 1 0 |a Zmeny pre znalcov, tlmočníkov a prekladateľov  |c Tibor Trizuliak 
520 |a Schválená novela zákona č. 382/2004 Z. z. o znalcoch, tlmočníkoch a prekladateľoch. Cieľ novely. Zmeny, ktoré novela priniesla. 
610 2 0 |a legislatíva 
610 2 0 |a novelizácia 
610 2 0 |a znalci 
610 2 0 |a tlmočníci 
610 2 0 |a prekladatelia 
610 2 0 |a posudky znalecké 
610 2 0 |a preklady 
100 1 |a Trizuliak, Tibor